|
|
|
|
| LEADER |
00992nam a2200289 a 4500 |
| 001 |
AAL9159 |
| 003 |
BD-DhAAL |
| 005 |
20170914141828.0 |
| 008 |
170914s1998 nyu b 000 1 eng |
| 999 |
|
|
|c 38293
|d 38293
|
| 010 |
|
|
|a 98019352
|
| 020 |
|
|
|a 0688162827 (alk. paper)
|
| 020 |
|
|
|a 0006512658
|
| 040 |
|
|
|a DLC
|c DLC
|d DLC
|d OCoLC
|d DLC
|d BD-DhAAL
|
| 050 |
0 |
0 |
|a PS3569.H3927
|b T4 1998
|
| 082 |
0 |
0 |
|a 813/.54
|2 21
|
| 100 |
1 |
|
|a Sheldon, Sidney.
|9 22148
|
| 245 |
1 |
0 |
|a Tell me your dreams /
|c Sidney Sheldon.
|
| 250 |
|
|
|a 1st ed.
|
| 260 |
|
|
|a New York :
|b William Morrow,
|c c1998.
|
| 300 |
|
|
|a 354 p. ;
|c 25 cm.
|
| 504 |
|
|
|a Includes bibliographical references.
|
| 541 |
|
|
|e 9159
|
| 650 |
|
0 |
|a Trials (Murder)
|v Fiction.
|9 22149
|
| 852 |
|
|
|a Savar Campus Library
|c General Shelf
|
| 942 |
|
|
|2 ddc
|c BK
|
| 952 |
|
|
|0 0
|1 0
|2 ddc
|4 0
|6 813_000000000000000__54_SHE
|7 0
|9 61296
|a SCL
|b SCL
|c GEN
|d 2017-09-14
|e Shahjahan Books
|g 200.00
|l 13
|m 26
|o 813.54 SHE
|p 3020009159
|r 2026-05-06
|s 2026-05-02
|t 1
|w 2017-09-14
|y BK
|